00000000cas 2200000zi 4500
0019.940011
003CaOODSP
00520260529144831
006m     o  d f      
007cr cn ||||||||
008240628c20249999oncfr p o    f0   a0eng|d
022 |a2818-4513
040 |aCaOODSP|beng|erda|cCaOODSP
043 |an-cn---
0861 |aNR12-31E-PDF
222 0|aArctic and Northern |b(Online)
24500|aArctic and Northern.
264 1|a[Ottawa] : |bNational Research Council Canada = Conseil national de recherches Canada, |c[2024]-
310 |aSemiannual
336 |atext|btxt|2rdacontent
337 |acomputer|bc|2rdamedia
338 |aonline resource|bcr|2rdamedia
3621 |aBegan with: 2025, issue 3.
500 |aIssued also in French under title: L'Arctique et le Nord.
588 |aDescription based on: 2025, issue 3.
588 |aLatest issue consulted: 2025, issue 3.
650 0|aArctic regions|xResearch|zCanada|vPeriodicals.
655 7|aPeriodicals|2lcgft
7102 |aNational Research Council Canada, |eissuing body.
77508|tL'Arctique et le Nord.|w(CaOODSP)9.940010
78000|tThe Arctic circular : |w(CaOODSP)9.927235